[Event "Nova Petropolis Gaucho op"]
[Site "Nova Petropolis"]
[Date "2015.03.14"]
[Round "3"]
[White "Togni, Everton Batista"]
[Black "Olivencia, Flavio"]
[Result "1/2-1/2"]
[WhiteElo "1846"]
[BlackElo "2177"]
[PlyCount "75"]
[EventDate "2015.03.13"]
[EventType "swiss"]
[EventRounds "7"]
[EventCountry "BRA"]
[SourceTitle "CBM 165 Extra"]
[Source "ChessBase"]
[SourceDate "2015.04.21"]
[SourceVersion "1"]
[SourceVersionDate "2015.04.21"]
[SourceQuality "1"]

1. Nf3 Nf6 2. b3 g6 3. Bb2 Bg7 4. e3 0-0 5. c4 c5 6. Be2 Nc6 7. 0-0 d5 8. cxd5 Nxd5 9. Bxg7 Kxg7 10. Qc1 b6 11. d4 Qd6 12. dxc5 Qf6 13. Nbd2 Nc3 14. Bd3 Nb4 15. Ne4 Nxd3 16. Qxc3 Qxc3 17. Nxc3 Nxc5 18. Rfd1 Bg4 19. b4 Na6 20. Rd4 Bxf3 21. gxf3 Rfd8 22. Rad1 Rxd4 23. Rxd4 e5 24. Rc4 Rd8 25. b5 Nc5 26. Ne4 Nxe4 27. Rxe4 Rd2 28. Ra4 Rb2 29. Rxa7 Rxb5 30. Rd7 Rb4 31. Rd6 h5 32. a3 Rb2 33. Kg2 f6 34. h4 Rb3 35. Rc6 Rxa3 36. Rxb6 Ra4 37. Rb7+ Kh6 38. Rf7 1/2-1/2

[Event "BRA-ch 79th"]
[Site "Montenegro"]
[Date "2013.03.04"]
[Round "9"]
[White "Olivencia, Flavio"]
[Black "Brito, Luismar Jorge"]
[Result "0-1"]
[WhiteElo "2211"]
[BlackElo "2292"]
[PlyCount "65"]
[EventDate "2013.02.25"]
[EventType "tourn"]
[EventRounds "11"]
[EventCountry "BRA"]
[SourceTitle "CBM 153 Extra"]
[Source "ChessBase"]
[SourceDate "2013.04.22"]
[SourceVersion "1"]
[SourceVersionDate "2013.04.22"]
[SourceQuality "1"]

1. e4 c5 2. Nf3 d6 3. d4 cxd4 4. Qxd4 a6 5. Be3 Nf6 6. Nc3 Nc6 7. Qd2 e6 8. 0-0-0 Qc7 9. Bf4 e5 10. Bg5 Be6 11. Bxf6 gxf6 12. Nd5 Bxd5 13. Qxd5 Rc8 14. Bd3 Qb6 15. Rhf1 Na5 16. Be2 h5 17. Kb1 h4 18. Nd2 Rc5 19. Qd3 Ke7 20. Nb3 Nxb3 21. axb3 Bh6 22. c4 a5 23. Bg4 Rc6 24. g3 a4 25. Kc2 Qb4 26. Be2 Rhc8 27. bxa4 Qxa4+ 28. Kb1 Rb6 29. Qc2 Qa5 30. b3 Ra8 31. Qb2 Rxb3 32. Qxb3 Qa1+ 33. Kc2 0-1

[Event "BRA-ch 79th"]
[Site "Montenegro"]
[Date "2013.02.27"]
[Round "3"]
[White "Mekhitarian, Krikor Sevag"]
[Black "Olivencia, Flavio"]
[Result "1-0"]
[WhiteElo "2546"]
[BlackElo "2211"]
[PlyCount "69"]
[EventDate "2013.02.25"]
[EventType "tourn"]
[EventRounds "11"]
[EventCountry "BRA"]
[SourceTitle "CBM 153 Extra"]
[Source "ChessBase"]
[SourceDate "2013.04.22"]
[SourceVersion "1"]
[SourceVersionDate "2013.04.22"]
[SourceQuality "1"]

1. e4 c5 2. Nf3 Nc6 3. d4 cxd4 4. Nxd4 e5 5. Nb5 a6 6. Nd6+ Bxd6 7. Qxd6 Qf6 8. Qc7 Nge7 9. Nc3 Nb4 10. Bd3 d5 11. 0-0 d4 12. Na4 Nxd3 13. cxd3 Qc6 14. Qxc6+ Nxc6 15. Nb6 Rb8 16. b3 0-0 17. Ba3 Rd8 18. Rac1 Be6 19. f3 f6 20. Rf2 Kf7 21. Rfc2 Ke8 22. Kf2 Kf7 23. h4 h5 24. Rg1 g6 25. g4 Rh8 26. g5 Rbd8 27. gxf6 Kxf6 28. Rg5 Rhe8 29. Kg3 Bf7 30. Bc5 Nb8 31. f4 exf4+ 32. Kxf4 Nc6 33. Rf2 Re5 34. Rxe5 Nxe5 35. Bxd4 1-0

[Event "BRA-ch 79th"]
[Site "Montenegro"]
[Date "2013.02.26"]
[Round "2"]
[White "Olivencia, Flavio"]
[Black "Carneiro, Vitor Roberto Castr"]
[Result "0-1"]
[WhiteElo "2211"]
[BlackElo "2089"]
[PlyCount "64"]
[EventDate "2013.02.25"]
[EventType "tourn"]
[EventRounds "11"]
[EventCountry "BRA"]
[SourceTitle "CBM 153 Extra"]
[Source "ChessBase"]
[SourceDate "2013.04.22"]
[SourceVersion "1"]
[SourceVersionDate "2013.04.22"]
[SourceQuality "1"]

1. e4 c6 2. d4 d5 3. Nd2 g6 4. c3 Bg7 5. e5 Nh6 6. Bd3 f6 7. exf6 exf6 8. Ne2 0-0 9. 0-0 Bf5 10. Bxf5 Nxf5 11. Qb3 Qd7 12. Nf3 Re8 13. Nf4 Nd6 14. Nd3 Na6 15. Bf4 Ne4 16. Rfe1 g5 17. Be3 Kh8 18. Qc2 Re7 19. Nc5 Naxc5 20. dxc5 Rae8 21. h3 f5 22. Bd4 g4 23. hxg4 fxg4 24. Nh4 Bxd4 25. cxd4 Rf7 26. Rf1 Qd8 27. g3 Ref8 28. Rae1 Rxf2 29. Rxf2 Rxf2 30. Qd1 Qf6 31. Qxg4 Qxd4 32. Kh1 Rf8 0-1

[Event "Petropolis op"]
[Site "Petropolis"]
[Date "2012.01.29"]
[Round "5"]
[White "Olivencia, Flavio"]
[Black "Zimmermann, Kleber Renato P"]
[Result "1-0"]
[WhiteElo "2217"]
[BlackElo "1953"]
[PlyCount "45"]
[EventDate "2012.01.27"]
[EventType "swiss"]
[EventRounds "6"]
[EventCountry "BRA"]
[SourceTitle "CBM 146 Extra"]
[Source "ChessBase"]
[SourceDate "2012.02.29"]
[SourceVersion "1"]
[SourceVersionDate "2012.02.29"]
[SourceQuality "1"]

1. e4 c5 2. Nf3 d6 3. d4 cxd4 4. Qxd4 Nc6 5. Bb5 Bd7 6. Bxc6 Bxc6 7. Nc3 Nf6 8. Bg5 e6 9. 0-0-0 Be7 10. Rhe1 Qa5 11. Kb1 0-0 12. Qd2 Qc7 13. Nd4 a6 14. Re3 Rfd8 15. Rde1 b5 16. Rg3 Bb7 17. Nd5 Nxd5 18. exd5 Bxd5 19. Bxe7 Qxe7 20. Rxg7+ Kxg7 21. Nf5+ Kf8 22. Nxe7 Kxe7 23. Qxd5 1-0

[Event "BRA TR Sul"]
[Site "Porto Alegre"]
[Date "2009.10.??"]
[Round "4"]
[White "Olivencia, Flavio"]
[Black "Pertuzatti, Daniel"]
[Result "1-0"]
[WhiteElo "2219"]
[BlackElo "2014"]
[PlyCount "45"]
[EventDate "2009.10.??"]
[EventType "swiss"]
[EventRounds "5"]
[EventCountry "BRA"]
[SourceTitle "EXT 2022"]
[Source "ChessBase"]
[SourceDate "2021.10.06"]
[SourceVersion "1"]
[SourceVersionDate "2021.10.06"]
[SourceQuality "1"]

1. e4 Nf6 2. e5 Nd5 3. d4 d6 4. c4 Nb6 5. f4 dxe5 6. fxe5 Nc6 7. Be3 Bf5 8. Nc3 e6 9. Be2 Be7 10. Nf3 0-0 11. 0-0 f6 12. exf6 Bxf6 13. Qd2 Qe8 14. Bg5 Rd8 15. Bxf6 Rxf6 16. h3 Ne7 17. Qe3 h6 18. Ne5 Nd7 19. Nb5 Nxe5 20. dxe5 Rf7 21. Nxc7 Nd5 22. Nxd5 exd5 23. cxd5 1-0

[Event "Sao Paulo op da Amizade"]
[Site "Sao Paulo"]
[Date "2008.08.25"]
[Round "4.6"]
[White "Olivencia, Flavio"]
[Black "Oliveira, Silvio Eduardo"]
[Result "0-1"]
[WhiteElo "2226"]
[BlackElo "2323"]
[PlyCount "86"]
[EventDate "2008.08.23"]
[EventType "swiss"]
[EventRounds "9"]
[EventCountry "BRA"]
[SourceTitle "EXT 2022"]
[Source "ChessBase"]
[SourceDate "2021.10.06"]
[SourceVersion "1"]
[SourceVersionDate "2021.10.06"]
[SourceQuality "1"]

1. e4 c5 2. Nf3 Nc6 3. Bb5 d6 4. d4 cxd4 5. Qxd4 Bd7 6. Bxc6 Bxc6 7. Nc3 Nf6 8. Bg5 Qb6 9. Bxf6 gxf6 10. Qxb6 axb6 11. Nd4 e6 12. 0-0-0 Rg8 13. Rhg1 Kd7 14. Kb1 Be7 15. g3 h5 16. h3 f5 17. exf5 Bf6 18. fxe6+ fxe6 19. Rge1 Rae8 20. Ne4 Be7 21. c4 Ref8 22. Nxc6 bxc6 23. Re2 d5 24. cxd5 exd5 25. h4 Rf5 26. f4 Rg4 27. Rd3 c5 28. Nf2 Rg7 29. b3 b5 30. Nh3 c4 31. Rf3 Bf6 32. bxc4 bxc4 33. Ra3 Kc6 34. Ra6+ Kb5 35. Ree6 Rxg3 36. Rxf6 Rxf6 37. Rxf6 Rxh3 38. Rf5 Kc5 39. Rxh5 c3 40. Rh8 Kc4 41. Rc8+ Kd3 42. a4 Rh1+ 43. Ka2 c2 0-1

[Event "Sao Paulo op da Amizade"]
[Site "Sao Paulo"]
[Date "2008.08.23"]
[Round "1.20"]
[White "Pereira, Andre Marques"]
[Black "Olivencia, Flavio"]
[Result "1/2-1/2"]
[WhiteElo "1866"]
[BlackElo "2226"]
[PlyCount "75"]
[EventDate "2008.08.23"]
[EventType "swiss"]
[EventRounds "9"]
[EventCountry "BRA"]
[SourceTitle "EXT 2022"]
[Source "ChessBase"]
[SourceDate "2021.10.06"]
[SourceVersion "1"]
[SourceVersionDate "2021.10.06"]
[SourceQuality "1"]

1. d4 Nf6 2. Nf3 g6 3. g3 Bg7 4. Bg2 0-0 5. 0-0 c5 6. d5 d6 7. Re1 b5 8. e4 Bb7 9. Bg5 h6 10. Bxf6 Bxf6 11. Qc1 Bg7 12. c3 Nd7 13. Nbd2 c4 14. Rd1 Nc5 15. Ne1 f5 16. b4 Na4 17. Nb1 Qb6 18. Rd2 fxe4 19. Bxe4 e6 20. Qc2 exd5 21. Bxd5+ Bxd5 22. Rxd5 Rae8 23. Ng2 Re6 24. Rd2 g5 25. Ne3 Rxe3 26. fxe3 Qxe3+ 27. Rf2 Rxf2 28. Qxf2 Qc1+ 29. Qf1 Qb2 30. Na3 Qxa3 31. Re1 Be5 32. Qf5 Qxc3 33. Qe6+ Kg7 34. Qe7+ Kg6 35. Qe6+ Bf6 36. Qe8+ Kg7 37. Qd7+ Kg6 38. Qe8+ 1/2-1/2

[Event "Sao Paulo Itau Cup 7th"]
[Site "Sao Paulo"]
[Date "2003.10.04"]
[Round "8"]
[White "Olivencia, Flavio"]
[Black "De Souza, Mauro Guimaraes"]
[Result "1/2-1/2"]
[WhiteElo "2223"]
[BlackElo "2361"]
[PlyCount "87"]
[EventDate "2003.10.??"]
[EventType "swiss"]
[EventRounds "9"]
[EventCountry "BRA"]
[SourceTitle "CBM 096 Extra"]
[Source "ChessBase"]
[SourceDate "2003.10.22"]
[SourceVersion "2"]
[SourceVersionDate "2003.10.20"]
[SourceQuality "1"]

1. e4 c5 2. Nf3 e6 3. c3 Nf6 4. e5 Nd5 5. d4 cxd4 6. cxd4 d6 7. Nc3 Nxc3 8. bxc3 Be7 9. Bd3 Nc6 10. exd6 Qxd6 11. 0-0 0-0 12. Qe2 b6 13. Ne5 Bb7 14. f4 g6 15. Be3 Rac8 16. Rac1 Bf6 17. Ng4 Bg7 18. Bb1 Ne7 19. Qf2 Nf5 20. Bd2 Qc7 21. Kh1 Qd8 22. Rfe1 Nd6 23. Ne5 Nc4 24. Nxc4 Rxc4 25. Bd3 Rc7 26. Be3 Qd7 27. Bf1 Rfc8 28. c4 Ba6 29. c5 Bxf1 30. Rxf1 Qd5 31. h3 Bf8 32. Rfd1 Rc6 33. Rd2 Qe4 34. Rdc2 h5 35. Rc3 Bg7 36. Qc2 Qd5 37. Qb3 Rd8 38. Qxd5 Rxd5 39. cxb6 Rxc3 40. Rxc3 axb6 41. Rc8+ Kh7 42. Rc7 Kg8 43. Rc8+ Kh7 44. Rc7 1/2-1/2

[Event "Sao Paulo Itau Cup 7th"]
[Site "Sao Paulo"]
[Date "2003.10.02"]
[Round "6"]
[White "Olivencia, Flavio"]
[Black "Rouanet, Luiz Paulo"]
[Result "1-0"]
[WhiteElo "2223"]
[BlackElo "2071"]
[PlyCount "71"]
[EventDate "2003.10.??"]
[EventType "swiss"]
[EventRounds "9"]
[EventCountry "BRA"]
[SourceTitle "CBM 096 Extra"]
[Source "ChessBase"]
[SourceDate "2003.10.22"]
[SourceVersion "2"]
[SourceVersionDate "2003.10.20"]
[SourceQuality "1"]

1. e4 Nf6 2. e5 Nd5 3. d4 d6 4. c4 Nb6 5. f4 dxe5 6. fxe5 Bf5 7. Nc3 e6 8. Be3 Nc6 9. Nf3 Qd7 10. Be2 Bg4 11. Qd2 0-0-0 12. 0-0-0 Be7 13. h3 Bxf3 14. gxf3 Kb8 15. Kb1 Na5 16. b3 Bb4 17. Qb2 Qe7 18. Bc1 c5 19. Ne4 cxd4 20. Bg5 Qd7 21. Bxd8 Rxd8 22. a3 Be7 23. Bd3 f6 24. Rhg1 f5 25. Nd2 g5 26. Ka2 Nc6 27. f4 h6 28. Nf3 gxf4 29. Qh2 Bf8 30. Qxf4 Qe7 31. Qc1 a5 32. Qb2 Qc7 33. Rge1 Bg7 34. Bf1 Ka7 35. Qd2 Bxe5 36. Nxe5 1-0

[Event "BRA-ch 69th"]
[Site "Brasilia"]
[Date "2003.01.15"]
[Round "9"]
[White "Matsuura, Frederico"]
[Black "Olivencia, Flavio"]
[Result "1-0"]
[WhiteElo "2255"]
[BlackElo "2226"]
[PlyCount "61"]
[EventDate "2003.01.07"]
[EventType "swiss"]
[EventRounds "9"]
[EventCountry "BRA"]
[SourceTitle "CBM 092 Extra"]
[Source "ChessBase"]
[SourceDate "2003.03.07"]
[SourceVersion "1"]
[SourceVersionDate "2003.03.07"]
[SourceQuality "1"]

1. d4 c5 2. c3 e6 3. e4 d5 4. e5 Qb6 5. Nf3 Nc6 6. a3 a5 7. Bd3 cxd4 8. cxd4 Bd7 9. 0-0 Nxd4 10. Nxd4 Qxd4 11. Qe2 Ne7 12. Kh1 Qh4 13. Nc3 Nc6 14. Nb5 Rc8 15. f4 Bc5 16. Be3 d4 17. Rac1 b6 18. Bd2 g6 19. Be1 Qe7 20. Qg4 h5 21. Qh3 h4 22. Rf3 a4 23. Qg4 g5 24. Bd2 Kd8 25. Re1 Qe8 26. fxg5 Nxe5 27. Rxe5 Bxb5 28. Bxb5 Qxb5 29. Rxf7 h3 30. Qxe6 hxg2+ 31. Kxg2 1-0

[Event "BRA-ch 69th"]
[Site "Brasilia"]
[Date "2003.01.14"]
[Round "8"]
[White "Olivencia, Flavio"]
[Black "Felipe, Andre de Souza"]
[Result "1-0"]
[WhiteElo "2226"]
[BlackElo "2136"]
[PlyCount "81"]
[EventDate "2003.01.07"]
[EventType "swiss"]
[EventRounds "9"]
[EventCountry "BRA"]
[SourceTitle "CBM 092 Extra"]
[Source "ChessBase"]
[SourceDate "2003.03.07"]
[SourceVersion "1"]
[SourceVersionDate "2003.03.07"]
[SourceQuality "1"]

1. e4 c5 2. Nf3 d6 3. d4 cxd4 4. Qxd4 Nc6 5. Bb5 Bd7 6. Bxc6 Bxc6 7. Nc3 Nf6 8. Bg5 e6 9. 0-0-0 Be7 10. Rhe1 0-0 11. Qd2 h6 12. Bf4 e5 13. Bg3 b5 14. Kb1 b4 15. Nd5 Bxd5 16. exd5 a5 17. Nxe5 dxe5 18. d6 Bxd6 19. Qxd6 Qxd6 20. Rxd6 Ne8 21. Rd5 f6 22. f4 exf4 23. Bxf4 Rf7 24. Rc5 g5 25. Bg3 f5 26. Ree5 f4 27. Be1 Rd7 28. b3 Nf6 29. Kb2 Ng4 30. Rxa5 Rxa5 31. Rxa5 Nxh2 32. Bxb4 Ng4 33. a4 Ne3 34. Ra8+ Kf7 35. a5 Nd5 36. a6 Nxb4 37. a7 Nxc2 38. Rf8+ Kxf8 39. a8Q+ Kg7 40. Kxc2 g4 41. Qe8 1-0

[Event "BRA-ch 69th"]
[Site "Brasilia"]
[Date "2003.01.09"]
[Round "1"]
[White "Disconzi da Silva, Rodrigo"]
[Black "Olivencia, Flavio"]
[Result "1-0"]
[WhiteElo "2389"]
[BlackElo "2226"]
[PlyCount "69"]
[EventDate "2003.01.07"]
[EventType "swiss"]
[EventRounds "9"]
[EventCountry "BRA"]
[SourceTitle "CBM 092 Extra"]
[Source "ChessBase"]
[SourceDate "2003.03.07"]
[SourceVersion "1"]
[SourceVersionDate "2003.03.07"]
[SourceQuality "1"]

1. c4 Nf6 2. Nc3 d5 3. cxd5 Nxd5 4. g3 Nxc3 5. bxc3 Qd5 6. Nf3 e5 7. d3 Nc6 8. Bg2 Be7 9. 0-0 Bd7 10. Be3 0-0 11. Qc2 Qa5 12. Nd2 Bd6 13. Nc4 Qa6 14. Nxd6 cxd6 15. f4 Rac8 16. Qb2 Rc7 17. c4 Qa5 18. a4 exf4 19. Rxf4 Ne5 20. Bd4 Bc6 21. Bxc6 bxc6 22. c5 Ng6 23. Rf5 f6 24. Bc3 Qa6 25. cxd6 Rd7 26. Ra5 Qb6+ 27. Qxb6 axb6 28. Ra6 Rb8 29. Rb1 Rdb7 30. d7 Rxd7 31. Raxb6 Rxb6 32. Rxb6 Ra7 33. a5 Ne7 34. a6 Nd5 35. Rb8+ 1-0